| 000 | 01078nac a22002891u 4500 | ||
|---|---|---|---|
| 010 | _a 83020128 | ||
| 020 | _a0721646573 | ||
| 082 | 0 | 0 |
_a616.0705 _bH3961 |
| 090 |
_c3405 _d3405 |
||
| 100 | _aHenry, John Bernard | ||
| 245 | 0 | 0 |
_aClinical diagnosis and management by laboratory methods / _c[edited by] John Bernard Henry. |
| 250 | _a17th ed. | ||
| 260 |
_aPhiladelphia : _bSaunders, _c1984. |
||
| 300 |
_axx, 1502 p. : _bill. (some col.) ; _c27 cm. |
||
| 500 | _aAt head of title: Todd, Sanford, Davidsohn. | ||
| 500 | _aIncludes bibliographies and index. | ||
| 500 | _aDonations. | ||
| 500 | _aDonations - Bibliotheca Alexandrina. | ||
| 650 | 0 | _aDiagnosis, Laboratory. | |
| 650 | 0 | _aDiagnosis, Laboratory. | |
| 700 | 1 |
_aTodd, James Campbell, _d1874-1928. |
|
| 700 | 1 |
_aSanford, Arthur Hawley, _d1882- |
|
| 700 | 1 |
_aDavidsohn, Israel, _d1895- |
|
| 700 | 1 |
_aHenry, John Bernard, _d1928- |
|
| 942 |
_cBB _k616.0705H3961 |
||
| 999 |
_c3405 _d3405 |
||